02053nam a22003977a 4500003000500000005001700005008004100022010000800063011000900071035000800080040000900088082001300097100003900110245007100149260003600220300001800256505010100274590004100375590004200416650002500458650002200483700004100505901000700546942001000553949007700563949007700640949007300717949007700790949007300867999001300940952015000953952013801103952014201241952013801383952013401521CHAP20220329132952.0971013c19891991 r 00010 d a771 a1743 a919 cCHAP a635bS6200aSobrino Illescas, Eduardo.9108027 aTratado de horticultura herbácea; hortalizas de flor y de frutas aBarcelona :bAedos,c1989-1991. a2 v.b: ilus. aContenido: v.1 Hortalizas de flor y fruto -- v.2 Hotalizas de legumbre, tallo, bulbo y tuberosas aBATCH-UPDb10c20130110lUCH01h1750 aCONVERSIONb10c20130109lUCH01h130214aHorticultura.95629114aLegumbres.9656800 aSobrino Vesperinas, Eduardo.9108028 aBK cLIBRO a635 S62bBCcLIBROd-10378eLIBROfv.1 c.3gI. c/eh77843i919sit93.60 a635 S62bBCcLIBROd33724000220570eLIBROfv.2 c.2h82102i919sit93.60 a635 S62bBCcLIBROd33724000220737eLIBROfv.2h82110i919sit93.60 a635 S62bBCcLIBROd33724000224911eLIBROfv.1 c.2h82111i919sit93.60 a635 S62bBCcLIBROd33724000920500eLIBROfv.1h82109i919sit93.60 c771d771 00102ddc4052708GRALaBCbBCcPP_GRALd2019-12-31eI. c/efLIBROl0o635 S62p33724000220570r2019-12-31 00:00:00tv.2 c.2w2019-12-31yLIBRO 00102ddc4052708GRALaBCbBCcPP_GRALd2019-12-31fLIBROl0o635 S62p33724000220737r2019-12-31 00:00:00tv.2w2019-12-31yLIBRO 00102ddc4052708GRALaBCbBCcPP_GRALd2019-12-31fLIBROl0o635 S62p33724000224911r2019-12-31 00:00:00tv.1 c.2w2019-12-31yLIBRO 00102ddc4052708GRALaBCbBCcPP_GRALd2019-12-31fLIBROl0o635 S62p33724000920500r2019-12-31 00:00:00tv.1w2019-12-31yLIBRO 00102ddc4052708GRALaBCbBCcPP_GRALd2019-12-31fLIBROl0o635 S62p-10378r2019-12-31 00:00:00tv.1 c.3w2019-12-31yLIBRO